POWÓD, PRZEZ KTÓRY NIE ŚPIMY W NOCY - Statystyki

Ogólne statystyki
  • Ten quiz został rozwiązany 67 razy
  • Średni wynik to 2 z 6
Statystyki odpowiedzi
Odpowiedzi % Poprawnych
BEZSENNOŚĆ
64%
STRES
47%
CHOROBA
37%
IMPREZA
22%
DZIECKO
12%
FILM
12%
Nie znaleziono quizów pasujących do podanych kryteriów
Rozkład punktacji
Procent ludzi z każdym wynikiem
Percentyl według liczby udzielonych odpowiedzi
Twoja historia wyników
Nie rozwiązałeś tego quizu